MARC

LEADER 00000nam0a2200000 4500
001 249605
005 20231101232504.0
010 |a 5724502925 
020 |a RU  |b 89-6448 
035 |a (RuTPU)RU\TPU\book\271698 
090 |a 249605 
100 |a 20140206d1989 k y0rusy5003 ca 
101 0 |a rus 
102 |a RU 
105 |a a z 001zy 
200 1 |a Гибкие организационные АСУ  |f сост. П. Е. Бочков, Л. Б. Белкина 
210 |a Москва  |c Химия  |d 1989 
215 |a 45 с.  |c ил. 
225 1 |a Курсом ускорения научно-технического прогресса 
320 |a Библиогр.: с. 45-46 (28 назв.) 
606 1 |a Гибкие автоматизированные производственные системы  |x Химическая технология  |2 stltpush  |3 (RuTPU)RU\TPU\subj\30857  |9 53879 
610 1 |a химическая промышленность 
610 1 |a автоматизированные системы планирования 
610 1 |a управление 
610 1 |a автоматизация 
610 1 |a автоматизированные системы планирования 
610 1 |a автоматизированные системы управления 
610 1 |a адаптивные АСУ 
610 1 |a внедрение 
610 1 |a эффективность 
675 |a 66:658  |z rus  |v 3 
702 1 |a Бочков  |b П. Е.  |4 220 
702 1 |a Белкина  |b Л. Б.  |4 220 
801 0 |a RU  |b RuMRKP  |c 19950417  |g psbo 
801 1 |a RU  |b 63413507  |c 20140206 
801 2 |a RU  |b 63413507  |c 20181224  |g RCR 
942 |c BK